| 000 | 01505nam0a2200385 4500 | ||
|---|---|---|---|
| 001 | RU\NLR\bibl\2051758 | ||
| 005 | 20260406163123.0 | ||
| 010 |
_a978-5-4438-0322-7 _92500 |
||
| 021 |
_aRU _b2013-34515 _9298д/13 |
||
| 035 | _a(NLR Aleph) 002038767 | ||
| 090 |
_a4585799 _c4585799 |
||
| 100 | _a20130709d2013 u y0rusy50 ca | ||
| 101 | 0 | _arus | |
| 102 | _aRU | ||
| 105 | _ay z|||000yy | ||
| 200 | 1 |
_aХотел ли Гитлер войны _eбеседы с Отто Штрассером _fДуглас Рид |
|
| 210 |
_aМосква _cАлгоритм _d2013 |
||
| 215 |
_a349, [2] с. _d22 |
||
| 225 | 1 | _aМемуары Второй мировой | |
| 320 | _aСоч. Д. Рида в конце кн. | ||
| 600 | 1 |
_aШтрассер _bО. _f1897 - 1974 _gОтто _92596273 _3RU\NLR\auth\661534002 |
|
| 606 | 1 |
_aАнтисемитизм _yГермания _z1933 - 1945 _92562782 _3RU\NLR\auth\661515910 |
|
| 606 | 1 |
_aФашизм _xИстория _yГермания _91565210 _3RU\NLR\AUTH\66985145 |
|
| 686 | _aТ3(4Г)63-8 | ||
| 686 | _aТ3(9=Е)0,02 | ||
| 700 | 1 |
_aРид _bД. _f1895- _gДуглас _4070 |
|
| 702 | 1 |
_4570 _7ca _8rus _aШтрассер _bО. _f1897-1974 _gОтто _3RU\NLR\AUTH\770289373 _92695024 |
|
| 702 | 1 |
_4570 _8rus _7ca _aГитлер _bА. _f1889-1945 _gАдольф _3RU\NLR\AUTH\779888 _9119684 |
|
| 801 | 0 |
_aRU _bNLR _c20130709 _gRCR |
|
| 801 | 1 |
_aRU _bNLR _c20130709 |
|
| 942 | _cBOOK | ||
| 980 | _aNBR | ||
| 980 | _aNB | ||